| 000 | 00779nam a22002177a 4500 | ||
|---|---|---|---|
| 999 |
_c13316 _d13316 |
||
| 003 | AR-CdUCM | ||
| 008 | 190411b ||||| |||| 00| 0 spa d | ||
| 040 |
_aMUNICIPALIDAD PROVINCIAL DEL CUSCO _cBIBLIOTECA MUNICIPAL DEL CUSCO |
||
| 082 |
_a986.2 / _bB44 / 1950 |
||
| 100 |
_aBenites Vinueza, Leopoldo _931674 |
||
| 245 |
_aEcuador : _bdrama y paradoja / |
||
| 260 |
_aMéxico : _bFondo de Cultura Económica, _c1950. |
||
| 300 |
_a280 páginas ; _c21 cm. |
||
| 440 |
_aColección Tierra Firme. _n48 _931675 |
||
| 505 | _aContenido: Escenario -- Dramatis personae -- Crisol -- Entre dos mundos -- Transito -- Del caso a la unidad ... | ||
| 650 |
_aEcuador _910121 |
||
| 650 |
_aHistoria _9136 |
||
| 650 |
_aFilosofía _9395 |
||
| 942 |
_2ddc _cLIBROS |
||
| 945 |
_aachl _d2019-04-11 |
||